Operations management. / (Record no. 7796)
[ view plain ]
| 000 -LEADER | |
|---|---|
| fixed length control field | 01257nam a22002417a 4500 |
| 003 - CONTROL NUMBER IDENTIFIER | |
| control field | OSt |
| 005 - DATE AND TIME OF LATEST TRANSACTION | |
| control field | 20211004115300.0 |
| 008 - FIXED-LENGTH DATA ELEMENTS--GENERAL INFORMATION | |
| fixed length control field | 120814t xxu||||| |||| 00| 0 eng d |
| 020 ## - INTERNATIONAL STANDARD BOOK NUMBER | |
| International Standard Book Number | 9780273730460 |
| 040 ## - CATALOGING SOURCE | |
| Transcribing agency | LC |
| 050 ## - LIBRARY OF CONGRESS CALL NUMBER | |
| Classification number | TS183.S56 |
| 100 ## - MAIN ENTRY--PERSONAL NAME | |
| Personal name | Slack, Nigel |
| 245 ## - TITLE STATEMENT | |
| Title | Operations management. / |
| Statement of responsibility, etc. | Nigel Slack, Stuart Chambers, Robert Johnston |
| 250 ## - EDITION STATEMENT | |
| Edition statement | 6th ed. |
| 260 ## - PUBLICATION, DISTRIBUTION, ETC. | |
| Place of publication, distribution, etc. | Harlow: |
| Name of publisher, distributor, etc. | Pearson, |
| Date of publication, distribution, etc. | 2010. |
| 300 ## - PHYSICAL DESCRIPTION | |
| Extent | xxv, 686 p.: |
| Other physical details | ill.; |
| 500 ## - GENERAL NOTE | |
| General note | Includes index |
| 505 ## - FORMATTED CONTENTS NOTE | |
| Formatted contents note | Contents: Operations management -- Operations performance -- Operations strategy -- Process design -- The design of products and services -- Supply network design -- Layout and flow -- Process technology -- People, jobs, and organization -- The nature of planning and control -- Capacity planning and control -- Inventory planning and control -- Supply chain planning and control -- Enterprise resource planning (ERP) -- Lean synchronization -- Project planning and control -- Quality management -- Operations improvement -- Risk management -- Organizing for improvement -- Operations and corporate social responsibility (CSR) -- <br/><br/> |
| 653 ## - INDEX TERM--UNCONTROLLED | |
| Uncontrolled term | Production management |
| 700 ## - ADDED ENTRY--PERSONAL NAME | |
| Personal name | Chambers, Stuart |
| 700 ## - ADDED ENTRY--PERSONAL NAME | |
| Personal name | Johnson, Robert |
| 942 ## - ADDED ENTRY ELEMENTS (KOHA) | |
| Source of classification or shelving scheme | Library of Congress Classification |
| Koha item type | Books |
No items available.
